Biggest Stadiums in the UK - Statistics

General Stats
  • This quiz has been taken 634 times
  • The average score is 14 of 25
Answer Stats
Capacity Answer % Correct
90,000 Wembley
98%
75,957 Old Trafford
97%
45,522 Anfield
90%
60,361 Emirates Stadium
89%
41,841 Stamford Bridge
79%
52,387 St James Park
77%
47,726 Etihad Stadium
71%
82,000 Twickenham
71%
40,394 Goodison Park
70%
49,000 Stadium of Light
68%
36,257 White Hart Lane
67%
42,573 Villa Park
64%
60,355 Celtic Park
59%
51,082 Ibrox
58%
39,460 Elland Road
49%
52,025 Hampden Park
45%
80,000 London Olympic Stadium
43%
74,500 Millennium Stadium
43%
67,800 Murrayfield
41%
32,689 St Mary's Stadium
40%
39,814 Hillsborough
34%
35,647 Boleyn Ground
33%
35,100 Riverside Stadium
28%
33,597 Pride Park
22%
32,609 Bramall Lane
14%
No matching quizzes found
Score Distribution
Percent of People with Each Score
Percentile by Number Answered
Your Score History
You have not taken this quiz